banner-ar

POLITICS AND SOCIETY IN OTTOMAN PALESTINE: THE ARAB STRUGGLE FOR SURRIVAL AND POWER / (Record no. 23582)

MARC details
000 -الفاتح
حقل البيانات ثابتة الطول 00522nam a2200169Ia 4500
008 - عناصر البيانات ثابتة الطول - معلومات عامة
حقل البيانات ثابتة الطول 140319s9999 xx 000 0 eng d
040 ## - مصدر الفهرسة
وكالة الفهرسة الأصلية GCL /
وكالة النسخ GCL
082 04 - رقم تصنيف ديوى العشرى
رقم التصنيف 956.9404
رقم المادة D P
100 1# - المدخل الرئيسى - إسم شخصى
الإسم الشخصى DIVINE, DONNA ROBINSON
245 10 - بيان العنوان
العنوان POLITICS AND SOCIETY IN OTTOMAN PALESTINE: THE ARAB STRUGGLE FOR SURRIVAL AND POWER /
بيان المسئوليه,etc DIVINE, DONNA ROBINSON
260 ## - PUBLICATION, DISTRIBUTION, ETC. (IMPRINT)
تاريخ النشر أو التوزيع 1994
300 ## - الوصف المادى
التعداد 227 P
650 04 - المدخل الاضافى بالموضوع-مصطلح موضوعى
مصطلح موضوعي OTTOMAN EMPIRE
650 04 - المدخل الاضافى بالموضوع-مصطلح موضوعى
مصطلح موضوعي PALESTINE - HISTORY
942 ## - عناصر المدخل الإضافي( كوها)
مصدر التصنيف او مخطط الترفيف Dewey Decimal Classification
Koha [default] item type كتاب
260 ## - PUBLICATION, DISTRIBUTION, ETC. (IMPRINT)
-- [S.N] :
-- LYNNE RIENNER PUBLISHING ،
Holdings
حالة التراجع حالة الفقد حالة تلف ليس للاعارة المكان المؤقت الموقع الحالى تاريخ الاكتساب اجمالي اﻻعارات رقم الطلب الباركود تاريخ اخر مشاهدة تاريخ تفعيل السعر نوع وعاء كوها
        مكتبة القاهرة الكبرى مكتبة القاهرة الكبرى 03/26/2014   956.9404\D P 42014 03/26/2014 03/26/2014 كتاب

Powered By

EGPV